<?xml version="1.0" encoding="UTF-8"?><?xml-stylesheet type="text/xsl" href="static/style.xsl"?><OAI-PMH xmlns="http://www.openarchives.org/OAI/2.0/" xmlns:xsi="http://www.w3.org/2001/XMLSchema-instance" xsi:schemaLocation="http://www.openarchives.org/OAI/2.0/ http://www.openarchives.org/OAI/2.0/OAI-PMH.xsd"><responseDate>2026-06-04T09:42:35Z</responseDate><request verb="GetRecord" identifier="oai:recam.amb.cat:20.500.14439/4741" metadataPrefix="marc">https://recam.amb.cat/rest/oai/request</request><GetRecord><record><header><identifier>oai:recam.amb.cat:20.500.14439/4741</identifier><datestamp>2026-04-24T23:45:50Z</datestamp><setSpec>com_20.500.14439_2794</setSpec><setSpec>com_20.500.14439_113</setSpec><setSpec>col_20.500.14439_4201</setSpec></header><metadata><record xmlns="http://www.loc.gov/MARC21/slim" xmlns:dcterms="http://purl.org/dc/terms/" xmlns:xsi="http://www.w3.org/2001/XMLSchema-instance" xmlns:doc="http://www.lyncode.com/xoai" xsi:schemaLocation="http://www.loc.gov/MARC21/slim http://www.loc.gov/standards/marcxml/schema/MARC21slim.xsd">
   <leader>00925njm 22002777a 4500</leader>
   <datafield ind2=" " ind1=" " tag="042">
      <subfield code="a">dc</subfield>
   </datafield>
   <datafield ind2=" " ind1=" " tag="720">
      <subfield code="a">Institut d'Estudis Regionals i Metropolitans de Barcelona</subfield>
      <subfield code="e">author</subfield>
   </datafield>
   <datafield ind2=" " ind1=" " tag="260">
      <subfield code="c">2021-12-01</subfield>
   </datafield>
   <datafield ind2=" " ind1=" " tag="520">
      <subfield code="a">“Papers 64” identifica els reptes i les oportunitats que ofereix actualment la implementació del concepte d’infraestructura verda metropolitana. El monogràfic fa una aposta clara per la introducció, en el planejament urbanístic i territorial, d’una infraestructura verda multifuncional que permeti proveir la metròpoli d’un seguit de serveis ecosistèmics essencials que millorin la qualitat de vida dels ciutadans i garanteixin el desenvolupament d’una economia més circular i sostenible. Segons els autors, aquest canvi de paradigma és imprescindible perquè les ciutats puguin desplegar els Objectius de Desenvolupament Sostenible i mitigar els efectes del canvi climàtic, fent servir alhora nous criteris i mètodes innovadors per al planejament de les ciutats en relació amb les seves metròpolis, a més d’una ferma voluntat política.</subfield>
   </datafield>
   <datafield ind1="8" ind2=" " tag="024">
      <subfield code="a">9788492940493</subfield>
   </datafield>
   <datafield ind1="8" ind2=" " tag="024">
      <subfield code="a">1888-3621</subfield>
   </datafield>
   <datafield ind1="8" ind2=" " tag="024">
      <subfield code="a">2013-7958</subfield>
   </datafield>
   <datafield ind1="8" ind2=" " tag="024">
      <subfield code="a">https://hdl.handle.net/20.500.14439/4741</subfield>
   </datafield>
   <datafield ind1="8" ind2=" " tag="024">
      <subfield code="a">B 20512-2021</subfield>
   </datafield>
   <datafield tag="653" ind2=" " ind1=" ">
      <subfield code="a">Zones verdes</subfield>
   </datafield>
   <datafield tag="653" ind2=" " ind1=" ">
      <subfield code="a">Espais lliures</subfield>
   </datafield>
   <datafield ind2="0" ind1="0" tag="245">
      <subfield code="a">Reptes i oportunitats de la infraestructura verda metropolitana. Papers, 64</subfield>
   </datafield>
</record></metadata></record></GetRecord></OAI-PMH>